טוען...
Readings in economics/7e
| מחבר ראשי: | |
|---|---|
| פורמט: | Printed Book |
| שפה: | English |
| יצא לאור: |
New Delhi
Tata
1973
|
| מהדורה: | 7th ed. |
| נושאים: |
| LEADER | 00539nam a2200181 a 4500 | ||
|---|---|---|---|
| 005 | 20151215124703.0 | ||
| 008 | 960221s1955 dcuabcdjdbkoqu001 0deng d | ||
| 003 | ViArRB | ||
| 082 | |a 330 |b SAM | ||
| 100 | |a Samuelson, Paul A | ||
| 245 | |a Readings in economics/7e | ||
| 250 | |a 7th ed. | ||
| 300 | |c xv, 384p | ||
| 653 | |a International trade and finance | ||
| 942 | |c BK |6 _ | ||
| 260 | |a New Delhi |b Tata |c 1973 | ||
| 999 | |c 89792 |d 89792 | ||
| 952 | |0 0 |1 0 |2 ddc |4 0 |6 330_SAM |7 0 |9 112740 |a SMS |b SMS |c GEN |d 0000-00-00 |o 330 SAM |p SMS009618 |r 2009-08-21 |w 2009-08-21 |y BK | ||